Elektrochemická charakterizácia vybraných katalyzátorov

Gespeichert in:
Bibliographische Detailangaben
1. Verfasser: Bodišová, Jana (Verfasst von)
Weitere Verfasser: Gál, Miroslav (Betreuung Doktorarbeit)
Format: Manuskript Buch
Sprache:Slowakisch
Veröffentlicht: 2015
Schlagworte:
Online-Zugang:http://is.stuba.sk/zp/portal_zp.pl?podrobnosti=101693
Tags: Tag hinzufügen
Keine Tags, Fügen Sie das erste Tag hinzu!

MARC

LEADER 00000ntm a22000003a 4500
001 stuzp52703
003 SK-STU
005 20160719154244.0
007 ta
008 150427s2015----xo-----f-mn---000-0-slo-d
040 |a STU  |b slo 
041 0 |a slo 
100 1 |a Bodišová, Jana  |u 042120  |4 aut  |U FCHPT Ústav anorganickej chémie, technológie a materiálov  |T FCHPT Oddelenie anorganickej technológie  |X 61121  |U C2120  |Y 111  |7 61121 
242 0 1 |a Electrochemical characterization of selected catalysts  |y eng 
245 1 0 |a Elektrochemická charakterizácia vybraných katalyzátorov 
260 |c 2015 
650 4 |a uhlíková pastová elektróda  |2 slo 
650 4 |a zlúčeniny medi  |2 slo 
650 4 |a cyklická voltampérometria  |2 slo 
650 4 |a copper compounds  |2 eng 
650 4 |a cyclic voltammetry  |2 eng 
650 4 |a carbon paste electrode  |2 eng 
700 1 |a Gál, Miroslav  |4 ths  |X 70968  |7 A0000070968 
856 4 |u http://is.stuba.sk/zp/portal_zp.pl?podrobnosti=101693 
SQL |a stuzp52703  |b DBP  |c SLO  |d Elektrochemická charakterizácia vybraných katalyzátorov  |e 61121  |f Bodišová, Jana  |g 042120  |h 70968  |i Gál, Miroslav  |j 20150714  |k 753  |l 04  |m http://is.stuba.sk/zp/portal_zp.pl?podrobnosti=101693  |n B-CHEMAT  |o 4.1.14. chémia, 5.2.18. chemické technológie